Synaxaires byzantins, menologes, typica

Αποθηκεύτηκε σε:
Λεπτομέρειες βιβλιογραφικής εγγραφής
Κύριος συγγραφέας: Delehaye, Hippolyte, 1859-1941
Μορφή: Βιβλίο
Γλώσσα:French
Greek
Δημοσίευση: London : Variorum Reprints, 1977.
Σειρά:Collected studies ; CS66
Θέματα:
Ετικέτες: Προσθήκη ετικέτας
Δεν υπάρχουν, Καταχωρήστε ετικέτα πρώτοι!

MARC

LEADER 00000cam a2200000 i 4500
001 1/1215
008 000417s1977 enk| ||| |||| ||fre||
020 |a 0860780104 
035 |l 10059936 
040 |a GR-MyUa  |b gre  |e AACR2 
041 0 |a fre  |a gre 
082 0 |a 264.019 
100 1 |a Delehaye, Hippolyte,   |d 1859-1941. 
245 1 0 |a Synaxaires byzantins, menologes, typica /   |c Hippolyte Delehaye ; avant-propos de F. Halkin. 
260 |a London :   |b Variorum Reprints,   |c 1977. 
300 |a 1 τ. (ποικίλες σελιδαριθμήσεις) ;   |c 23 εκ. 
490 1 |a (Collected studies ;   |v CS66) 
504 |a Περιλαμβάνει βιβλιογραφικές παραπομπές και ευρετήριο. 
650 0 0 |a Christian saints  |x Calendar. 
650 0 0 |a Synaxarion. 
830 0 |a Collected studies ;  |v CS66 
852 |a INST  |b LESVOS  |e 20000417  |h 264.019 DEL  |p 005100020275  |q 005100020275  |t BK  |y 0 
901 |a BIBL1-2000-1 
922 |a 1ΕΛΗ  |b 200003  |c ΚΠΣ/ΤΚΑ  |d GLORY 
950 |a 117-1999-12-15 
970 |a ΜΟΥΣΤΑΚΑ  |b ΠΗΝΕΛΟΠΗ  |z 2000/04/18